| 000 | 00535nam a22001817a 4500 | ||
|---|---|---|---|
| 005 | 20251108164353.0 | ||
| 008 | 250721s1983 xx 000 0 ara d | ||
| 082 | 1 | 4 | _a411.607/طرق |
| 245 | 1 | 0 | _aالطرق الفنية الخاصة بتدريس الخط العربي / |
| 264 | 1 |
_aالقاهرة : _bدار المعارف، _c1983. |
|
| 300 | _a67ص | ||
| 650 | 1 | 7 | _aاللغة العربية |
| 650 | 1 | 7 | _aالخط العربي |
| 650 | 1 | 7 | _aالدراسات |
| 650 | 1 | 7 | _aالتدريس |
| 942 |
_2ddc _cBK |
||
| 999 |
_c10487 _d10487 |
||